|
|
|
|
| LEADER |
00000nab a2200000 a 4500 |
| 001 |
vtls010511274 |
| 003 |
SK-MaSNL |
| 005 |
20260318121502.0 |
| 008 |
130517c2011 xo wr p 000 c0ukr |
| 015 |
|
|
|a SNBRA2013/05
|
| 038 |
|
|
|a SVKPOCL
|
| 040 |
|
|
|a SVKPOCL
|b slo
|c SVKPOCL
|e AACR2
|
| 041 |
0 |
|
|a ukr
|
| 044 |
|
|
|a xo
|c SK
|
| 080 |
|
|
|a 81'1
|2 2001
|
| 080 |
|
|
|a 81'355
|2 2001
|
| 080 |
|
|
|a 80(=16)+908(4)
|2 2001
|
| 080 |
|
|
|a (437.6)
|2 2001
|
| 080 |
|
|
|a (048.8)
|2 2001
|
| 080 |
|
|
|a 811.161.25
|2 2001
|
| 080 |
|
|
|a 81'26
|2 2001
|
| 100 |
1 |
|
|a Koporová, Kvetoslava,
|d 1964-
|4 aut
|9 110878
|
| 245 |
1 |
0 |
|a Orfoepična jazŷkova norma v rusyn'skim jazŷku
|b (z osnovnŷch principiv rusyn'skoj vŷslovnosty)
|c Kvetoslava Koporova
|
| 504 |
|
|
|a Bibliogr. odkazy
|
| 650 |
0 |
7 |
|a lingvistika
|2 svkpocl
|9 860
|
| 650 |
0 |
7 |
|a rusínčina
|2 svkpocl
|9 51510
|
| 650 |
0 |
7 |
|a slavistika
|2 svkpocl
|9 4282
|
| 650 |
0 |
7 |
|a výslovnosť
|2 svkpocl
|9 13487
|
| 650 |
0 |
7 |
|a štandardizácia a kodifikácia jazyka
|2 svkpocl
|9 87414
|
| 651 |
|
7 |
|a Slovensko
|2 svkpocl
|9 14231
|
| 655 |
|
7 |
|a štúdie
|2 svkpocl
|9 57033
|
| 773 |
0 |
|
|a Koporová, Kvetoslava, 1964- (ed)
|t Studium Carpato-Ruthenorum 2011 : študiji z karpatorusynistikŷ
|d Prjašiv : Prjašivska univerzita v Prjašovi Inštitut rusyn'skoho jazŷka i kulturŷ, 2011
|g S. 71-84
|z 9788055504698
|
| 852 |
|
|
|a SVKPO
|b KIS3GCP
|
| 958 |
|
|
|a RN
|
| 958 |
|
|
|a SK
|
| 958 |
|
|
|a SS
|
| 958 |
|
|
|a NB
|
| 999 |
|
|
|c 3226026
|d 3227956
|